zpět

Detail výsledku týmu

Trojka, Brno

Datum a čas kvízu

15.5 Celkem bodů Celkový počet nahraných bodů na tomto kvízu bez doplňovacích otázek.
4. Pořadí na kvízu Konečné umístění týmu na tomto kvízu.

Zaznamenané odpovědi

# Otázka Odpověď Body Výsledky
1. Premiér Petr Fiala začal natáč... z Kramářovy vily 1
2. Chorvatská národní banka oznám... kuna 0
3. Ve čtvrtek začal již 72. roční... Berlinale 0
4. Jedna automobilka mění podobu... Rolls-Royce 1
5. V úterý 15. února slaví své ne... (HC Energie) Karlovy Vary 0
6. Začneme jedním ze základních k... H = hard (tvrdý), B = black (černý) 0.5
7. Pokud byste se chtěli naučit k... pravou mozkovou hemisférou 0
8. Který španělský malíř žijící v... Francisco Goya 0
9. Vedle klasických pastelek, jak... akvarelové 1
10. Firma Koh-i-noor Hardtmuth je... v Českých Budějovicích 0